Invertir en el futuro : (Record no. 32597)

MARC details
000 -CABECERA
campo de control de longitud fija 00916nam a2200229 a 4500
005 - FECHA Y HORA DE LA ÚLTIMA TRANSACCIÓN
campo de control 20240924063943.0
008 - ELEMENTOS DE LONGITUD FIJA--INFORMACIÓN GENERAL
campo de control de longitud fija 991125s1991 es 000 0 spa u
020 ## - NÚMERO INTERNACIONAL NORMALIZADO PARA LIBROS
Número Internacional Estándar del Libro 8430920862 (Tecnos)
020 ## - NÚMERO INTERNACIONAL NORMALIZADO PARA LIBROS
Número Internacional Estándar del Libro 9280331388 (UNESCO)
035 ## - NÚMERO DE CONTROL DEL SISTEMA
Número de control de sistema UPN01000032597
049 ## - COLECCIÓN
Colección UNE
050 #4 - SIGNATURA TOPOGRÁFICA DE LA BIBLIOTECA DEL CONGRESO
Número de clasificación LB1028
Número de documento/Ítem H3.58
100 1# - ASIENTO PRINCIPAL--NOMBRE PERSONAL
Nombre de persona Hallak, Jacques,
Fechas asociadas al nombre 1937-
9 (RLIN) 28384
245 10 - MENCIÓN DE TÍTULO
Título Invertir en el futuro :
Resto del título definir las prioridades educacionales en el mundo en desarrollo /
Mención de responsabilidad, etc. Jacques Hallak ; tr. Alfonso Lizarzaburu.
260 ## - PUBLICACIÓN, DISTRIBUCIÓN, ETC.
Lugar de publicación, distribución, etc. Madrid :
Nombre del editor, distribuidor, etc. Tecnos :
-- UNESCO,
Fecha de publicación, distribución, etc. 1991.
300 ## - DESCRIPCIÓN FÍSICA
Extensión 268 p. :
Otras características físicas gráfs., cuadros
440 #0 - MENCIÓN DE SERIE/ASIENTO SECUNDARIO--TÍTULO
Título Semilla y surco.
Nombre de parte o sección de la obra Colección de ciencias sociales.
-- Sociología
534 ## - NOTA SOBRE LA VERSIÓN ORIGINAL
Frase introductoria Título original:
Mención de título del original Investing in the future : setting educational priorities in the developing world
590 ## - NOTA LOCAL (RLIN)
Nota local También localizas ejemplares en Colección General
650 #4 - ASIENTO SECUNDARIO DE MATERIA - TERMINO TEMATICO
Término de materia o nombre geográfico como elemento de entrada Educación
Subdivisión general Investigación
9 (RLIN) 4070
905 ## - TIPO DE MATERIAL
Tipo de material Libro
Holdings
Estado de retiro Estado de pérdida Fuente del sistema de clasificación o colocación Estado dañado No para préstamo Código de colección Localización permanente Ubicación/localización actual Ubicación en estantería Total de préstamos Clasificación Código de barras Fecha visto por última vez Número de copia Tipo de ítem Koha Fecha de adquisición Enumeración/cronología de publicación seriada
    Library of Congress Classification     Colección General Bib. Gregorio Torres Quintero Bib. Gregorio Torres Quintero Planta baja 2 LB1028 H3.58 138502 31/12/2020 1 Libro    
    Library of Congress Classification   Disponible (Préstamo en sala) UNESCO Bib. Gregorio Torres Quintero Bib. Gregorio Torres Quintero Colecciones especiales Planta alta   LB1028 H3.58 U3431 31/12/2020 1 Libro 03/02/2023 Donación UNESCO
    Library of Congress Classification     Colección General Bib. Gregorio Torres Quintero Bib. Gregorio Torres Quintero Planta baja   LB1028 H3.58 192046 31/12/2020 1 Libro    
    Library of Congress Classification     Colección General Bib. Gregorio Torres Quintero Bib. Gregorio Torres Quintero Planta baja 1 LB1028 H3.58 222110 31/12/2020 1 Libro